Quiz Juventus - Statistiques

Statistiques générales
  • Ce quiz a été pris 88 fois
  • Le résultat moyen est 9 sur 16
Statistiques - réponses
Questions Réponses % Correct
Quel est le plus gros transfert de ce club ? 117 Millions (Cristiano Ronaldo)
86%
Combien de Ligue des champions a ce club ? 2
85%
Quelles sont les couleurs primaires de ce club ? Blanc et Noir
83%
Quelle est la ligue ou ce club joue ? Serie A
79%
Qui est la légende de ce club ? Alessandro Del Piero
78%
Qui est le meilleur buteur de ce club ? Alessandro Del Piero (290)
76%
En quelle année a été crée le club ? 1897
75%
Qui est l’entraîneur de ce club ? Thiago Motta
75%
Qui est le joueur le plus capé de ce club ? Alessandro Del Piero (705)
68%
Qui est le capitaine actuel de ce club ? Danilo
58%
Quel est le nom du stade de ce club ? Allianz Stadium
51%
Combien de trophées a ce club ? 72
36%
Quelle est la plus grande defaite de ce club ? 7 : 0 (Wiener Sport-Club)
17%
Qui est le joueur le plus cher de ce club ? Douglas Luiz (70 Millions)
10%
Quelle est la plus grande victoire de ce club ? 15 : 0 (Centese Calcio 1913)
6%
Combien vaut ce club ? 581,65 Millions
0%
Aucun quiz correspondant
Distribution des résultats
% des personnes avec chaque résultat
Percentile par nombre de réponses
Votre historique - résultats
Vous n’avez pas pris ce quiz